| 000 | 00980nas a2200313 4500 | ||
|---|---|---|---|
| 001 | BR0902921 | ||
| 003 | BR-BrBNA | ||
| 005 | 20231205113423.0 | ||
| 007 | ta | ||
| 008 | 230509b bl.|||p| |||| 00| 00por d | ||
| 040 |
_aBR-BrBNA _bpor _cBiblioteca Nacional de Agricultura |
||
| 041 | _a(Pt) | ||
| 072 | _aJ11 | ||
| 100 | 1 | _aElias, M.C. | |
| 100 | 1 | _aDionello, R.G. | |
| 100 | 1 | _aForlin, F.J. | |
| 100 | 1 | _aOliveira, M. de | |
| 100 | 1 | _aGelain, J. | |
| 100 | 1 | _aPeter, M.Z. | |
| 245 | 1 | _aAvaliação do uso de ácidos orgânicos na conservação de grãos de sorgo (Sorghum bicolor L. Moench)durante o armazenamento | |
| 650 | _aSORGO | ||
| 650 | _aGRÃO | ||
| 650 | _aÁCIDO ORGÂNICO | ||
| 650 | _aARMAZENAMENTO | ||
| 773 | 0 |
_tSemina. Ciencias Agrarias (Brazil) _xISSN 1676-546X _g(Jan-Mar 2008), v. 29(1) p. 35-46 _wBR0902921 |
|
| 856 | 4 | 0 | _uhttp://www.aprh.pt/rgci/pdf/rgci-155_Borges.pdf |
| 909 |
_a202311 _bLúcia _c55 _dLúcia Elande |
||
| 942 |
_2AGRIS _n0 _cANA |
||
| 999 |
_c203678 _d203678 |
||